En manos de otros: infancia y abandono en la Barcelona del siglo XV
Сохранить в:
| Главный автор: | |
|---|---|
| Формат: | |
| Язык: | испанский |
| Опубликовано: |
Santiago, Chile.
Ediciones UC,
2019
|
| Серии: | Colección Historia UC
|
| Предметы: | |
| Метки: |
Добавить метку
Нет меток, Требуется 1-ая метка записи!
|
MARC
| LEADER | 00000cam a2200000 a 4500 | ||
|---|---|---|---|
| 001 | UCC8918 | ||
| 003 | CL-VaPUC | ||
| 005 | 20211008104455.0 | ||
| 008 | 190830e20190000cl |||||||||||||||||spa|d | ||
| 999 | |c 375119 |d 375117 | ||
| 020 | |a 9789561424098 | ||
| 040 | |c Pontificia Universidad Católica de Valparaíso | ||
| 082 | 0 | 4 | |a 946.03 ILL 2019 |2 21 |
| 100 | 0 | |a Illanes Zubieta, María Ximena |e author |9 603622 | |
| 245 | 1 | 0 | |a En manos de otros: |b infancia y abandono en la Barcelona del siglo XV |
| 260 | |a Santiago, Chile. |b Ediciones UC, |c 2019 | ||
| 300 | |a 346 páginas | ||
| 490 | 0 | |a Colección Historia UC | |
| 583 | |a last modification |c 20190830 10:52:00 |k Rodrigo Vera | ||
| 650 | 0 | |a Historia de España |9 315435 | |
| 650 | 0 | |a Renacimiento español |2 CL-VaPUC |9 450211 | |
| 650 | 0 | |a Historia de Europa |2 CL-VaPUC |9 392003 |y Siglo 15 | |
| 942 | |c BK |2 ddc | ||
| 945 | |d 20190830 10:52:00 |a dcastane | ||
| 952 | |0 0 |1 0 |2 ddc |3 erb |4 0 |6 946_030000000000000_ILL_2019 |7 0 |8 A |9 494011 |a BIBHIS |b BIBHIS |d 2019-08-23 |e 11 |g 14601.00 |i 5559936 |l 1 |o 946.03 ILL 2019 |p 5559936 |r 2025-01-20 |s 2021-05-20 |t 1 |v 14601.00 |w 2019-11-24 |y BK |z Catalogado en:20190830 |k HIS | ||